Thành cổ Việt Nam

Công trình nghiên cứu về các thành cổ Việt nam như thành Cổ Loa, thành Hoa Lư, thành Thăng Long, thành Nhà Hồ, thành Đông kinh

Đã lưu trong:
Sonraí Bibleagrafaíochta
Príomhúdar: Đỗ Văn Ninh
Formáid: Leabhar
Teanga:Vietnamese
Foilsithe: H. Khoa học xã hội 1983
Ábhair:
Clibeanna: Cuir Clib Leis
Gan Chlibeanna, Bí ar an gcéad duine leis an taifead seo a chlibeáil!
Thư viện lưu trữ: Mạng thư viện Đại học Đà Nẵng
LEADER 01324nam a22003738a 4500
001 000009476
003 5673
005 20111028071015.0
008 111028s1983 b 000 0 vieod
020 |c 13đ  |d 4200b 
041 0 |a vie 
082 |a 930.1  |b ĐO-N 
084 |a P4(1)  |b TH107C 
100 1 |a Đỗ Văn Ninh 
245 1 0 |a Thành cổ Việt Nam  |c Đỗ Văn Ninh ; ảnh: Tạ Hữu Nhã 
260 |a H.  |b Khoa học xã hội  |c 1983 
300 |a 179tr : hình vẽ, ảnh  |c 19cm 
520 |a Công trình nghiên cứu về các thành cổ Việt nam như thành Cổ Loa, thành Hoa Lư, thành Thăng Long, thành Nhà Hồ, thành Đông kinh 
653 |a Việt Nam 
653 |a thành cổ 
653 |a Kiến trúc cổ đại 
653 |a thành luỹ 
653 |a di tích kiến trúc quân sự 
653 |a di tích lịch sử 
OWN |a LSP 
AVA |a UDN50  |b LSP  |d 930.1 ĐO-N  |e available  |t Error 5001 Not defined in file expand_doc_bib_avail.  |f 2  |g 1  |h N  |i 0  |k 1 
999 |a From the UDN01 
AVA |a UDN50  |b LSP  |d 930.1 ĐO-N  |e available  |t Error 5001 Not defined in file expand_doc_bib_avail.  |f 2  |g 1  |h N  |i 0  |k 1 
TYP |a Monograph 
TYP |a Printed language 
980 |a Mạng thư viện Đại học Đà Nẵng